[Event "Quebec op inv."]
[Site "Montreal CAN"]
[Date "2011.07.30"]
[Round "9"]
[White "Kraiouchkine, Nikita"]
[Black "Khassanov, Marat"]
[Result "1-0"]
[WhiteElo "2170"]
[BlackElo "2286"]
[PlyCount "119"]
[EventDate "2011.07.23"]
[EventType "swiss"]
[EventRounds "9"]
[EventCountry "CAN"]

1. e4 e5 2. Nf3 Nc6 3. Bb5 a6 4. Ba4 Nf6 5. O-O Be7 6. Re1 b5 7. Bb3 O-O 8. h3
Bb7 9. d3 Re8 10. Ng5 Rf8 11. f4 d5 12. exd5 Nxd5 13. fxe5 Nd4 14. Nf3 Bc5 15.
Kh1 f6 16. e6 Nxb3 17. axb3 Qd6 18. d4 Ba7 19. c4 Ne7 20. Nc3 Nf5 21. c5 Qg3
22. d5 Qg6 23. b4 Ne7 24. c6 Bc8 25. Bf4 Bb6 26. Qb3 Qf5 27. Bg3 Rd8 28. Rad1
Kh8 29. d6 cxd6 30. Bxd6 Nxc6 31. Qd5 Qxd5 32. Nxd5 Rxd6 33. Nxb6 Rxd1 34. Rxd1
Rb8 35. Rd8+ Nxd8 36. e7 Bd7 37. Nxd7 Nc6 38. Nxb8 Nxe7 39. Nxa6 Nc6 40. Nc7
Nxb4 41. Nxb5 Kg8 42. Nfd4 Kf7 43. Kh2 g6 44. Kg3 f5 45. Na7 Kf6 46. Nac6 Nd5
47. b4 g5 48. b5 h5 49. Na5 Nb6 50. Nc2 Ke5 51. Na3 f4+ 52. Kf3 Kf5 53. N3c4
Nd7 54. b6 g4+ 55. Kf2 gxh3 56. gxh3 Kg5 57. b7 Nb8 58. Ne5 Kf5 59. Nac6 Na6
60. Nd3 1-0

[Event "Sherbrooke op"]
[Site "Sherbrooke CAN"]
[Date "2011.05.29"]
[Round "5"]
[White "Kraiouchkine, Nikita"]
[Black "Larochelle, Martial"]
[Result "0-1"]
[WhiteElo "2268"]
[BlackElo "2167"]
[PlyCount "108"]
[EventDate "2011.05.27"]
[EventType "swiss"]
[EventRounds "5"]
[EventCountry "CAN"]

1. e4 c5 2. Nf3 d6 3. d4 cxd4 4. Nxd4 Nf6 5. Nc3 a6 6. Bc4 e6 7. Bb3 b5 8. f4
Bb7 9. O-O Be7 10. e5 dxe5 11. fxe5 Bc5 12. Be3 Nc6 13. exf6 Bxd4 14. fxg7
Bxe3+ 15. Kh1 Rg8 16. Qf3 Rxg7 17. Bxe6 Qe7 18. Bd5 Nd4 19. Qxe3 Qxe3 20. Rae1
Bxd5 21. Rxe3+ Be6 22. Rf2 O-O-O 23. a3 Kc7 24. h3 Nf5 25. Re5 Nd6 26. Ne4 Nxe4
27. Rxe4 Rg5 28. Rh4 h5 29. a4 Rdg8 30. axb5 axb5 31. Rd4 Bd5 32. Rdd2 Kc6 33.
Rde2 f5 34. Rd2 Be4 35. Rfe2 Rg3 36. Kh2 R3g6 37. c3 Rd6 38. Rxd6+ Kxd6 39. g3
Ke5 40. h4 Rd8 41. Kg1 Rd3 42. Kf2 Rf3+ 43. Kg2 Rxc3+ 44. Rxe4+ Kxe4 45. bxc3
Kd3 46. Kf3 Kxc3 47. Kf4 b4 48. Kxf5 b3 49. Kg5 b2 50. Kxh5 b1=Q 51. g4 Qh7+
52. Kg5 Kd4 53. h5 Ke5 54. Kh4 Qe7+ 0-1

[Event "Mauricie op"]
[Site "Trois-Rivieres CAN"]
[Date "2011.03.18"]
[Round "1"]
[White "Dumont, Felix"]
[Black "Kraiouchkine, Nikita"]
[Result "0-1"]
[WhiteElo "1989"]
[BlackElo "2265"]
[PlyCount "124"]
[EventDate "2011.03.18"]
[EventType "swiss"]
[EventRounds "5"]
[EventCountry "CAN"]

1. e4 e5 2. Nf3 Nf6 3. Nxe5 d6 4. Nf3 Nxe4 5. Nc3 Nf6 6. d4 Be7 7. Bd3 O-O 8.
h3 c6 9. a4 d5 10. Bf4 Re8 11. O-O Nbd7 12. Re1 Nf8 13. Qd2 Be6 14. Ne5 Qc8 15.
Kh2 Bf5 16. Re3 Bb4 17. g4 Bxd3 18. Qxd3 Ng6 19. Nxg6 hxg6 20. Rae1 Qd7 21. f3
Rxe3 22. Rxe3 Re8 23. Ne2 Rxe3 24. Qxe3 Qe7 25. Qxe7 Bxe7 26. Bb8 a6 27. Nf4
Nd7 28. Bc7 Bh4 29. Nd3 Kf8 30. a5 Be7 31. Kg3 f6 32. h4 Ke8 33. h5 Nf8 34.
hxg6 Nxg6 35. Nf4 Nxf4 36. Kxf4 Kd7 37. Bb6 Ke6 38. Bc7 g6 39. Kg3 f5 40. f4 c5
41. dxc5 Bxc5 42. Kf3 Kd7 43. Bb6 Be7 44. gxf5 gxf5 45. Ke3 Kc6 46. c3 Bf6 47.
Bd4 Bd8 48. Bb6 Bxb6+ 49. axb6 Kc5 50. Kd3 a5 51. b4+ Kxb6 52. bxa5+ Kc5 53.
Kd2 d4 54. Kd3 dxc3 55. Kxc3 Kb5 56. Kd4 Kxa5 57. Ke5 b5 58. Kxf5 b4 59. Ke6 b3
60. f5 b2 61. f6 b1=Q 62. f7 Qb4 0-1

[Event "Mauricie op"]
[Site "Trois-Rivieres CAN"]
[Date "2011.03.19"]
[Round "2"]
[White "Kraiouchkine, Nikita"]
[Black "Carrier, Claude"]
[Result "1-0"]
[WhiteElo "2265"]
[BlackElo "1941"]
[PlyCount "123"]
[EventDate "2011.03.18"]
[EventType "swiss"]
[EventRounds "5"]
[EventCountry "CAN"]

1. e4 c5 2. Nf3 e6 3. d4 cxd4 4. Nxd4 Nf6 5. Nc3 d6 6. Be3 a6 7. f3 b5 8. Qd2
Nbd7 9. Be2 Bb7 10. a4 b4 11. Na2 d5 12. Nxb4 dxe4 13. O-O Bc5 14. Nb3 Bxe3+
15. Qxe3 a5 16. Na2 Qb6 17. Qxb6 Nxb6 18. Nc5 Bd5 19. Nc3 exf3 20. Bxf3 Bxf3
21. gxf3 Ke7 22. Kf2 Rhc8 23. Nd3 Nfd5 24. Nxd5+ Nxd5 25. c3 g5 26. Rg1 h6 27.
Rg4 f5 28. Rd4 Rab8 29. Rd1 h5 30. Rd2 Kf6 31. c4 Nb4 32. Ke2 Nxd3 33. Kxd3 Rb4
34. Kc3 Rxa4 35. b3 Ra1 36. Rd1 Rxd1 37. Rxd1 g4 38. f4 h4 39. Ra1 Ra8 40. Kd4
Rd8+ 41. Kc3 g3 42. hxg3 hxg3 43. Rg1 Rg8 44. Kd4 g2 45. c5 Rg4 46. c6 Rxf4+
47. Kc5 Rg4 48. c7 Rg8 49. Kb6 f4 50. Rxg2 Rc8 51. Kb7 Re8 52. Rd2 e5 53. Rd8
Re7 54. Kc6 Rxc7+ 55. Kxc7 e4 56. Kd6 e3 57. Re8 Kf5 58. Kd5 Kg4 59. Kd4 Kf3
60. Kd3 Kf2 61. Re4 Kf3 62. Ra4 1-0

[Event "Mauricie op"]
[Site "Trois-Rivieres CAN"]
[Date "2011.03.19"]
[Round "3"]
[White "Sambuev, Bator"]
[Black "Kraiouchkine, Nikita"]
[Result "1-0"]
[WhiteElo "2562"]
[BlackElo "2265"]
[PlyCount "47"]
[EventDate "2011.03.18"]
[EventType "swiss"]
[EventRounds "5"]
[EventCountry "CAN"]

1. c4 e5 2. Nc3 Nc6 3. e3 g6 4. d4 d6 5. d5 Nce7 6. h4 f5 7. e4 Bh6 8. Bg5 Bxg5
9. hxg5 h5 10. Be2 fxe4 11. g4 h4 12. Nxe4 Bd7 13. f4 exf4 14. Qd4 Rh7 15. Nh3
Nc8 16. Nf6+ Nxf6 17. gxf6 Rf7 18. g5 Bf5 19. Nxf4 Kd7 20. Nxg6 Bxg6 21. Bg4+
Ke8 22. Rxh4 Rh7 23. Rxh7 Bxh7 24. Be6 1-0

[Event "Mauricie op"]
[Site "Trois-Rivieres CAN"]
[Date "2011.03.20"]
[Round "4"]
[White "Kraiouchkine, Nikita"]
[Black "Larochelle, Martial"]
[Result "1/2-1/2"]
[WhiteElo "2265"]
[BlackElo "2140"]
[PlyCount "116"]
[EventDate "2011.03.18"]
[EventType "swiss"]
[EventRounds "5"]
[EventCountry "CAN"]

1. e4 e5 2. Nf3 Nc6 3. Bb5 a6 4. Ba4 Nf6 5. O-O Be7 6. Re1 b5 7. Bb3 d6 8. c3
O-O 9. h3 Na5 10. Bc2 c5 11. d4 Qc7 12. Nbd2 Nc6 13. d5 Nd8 14. Nf1 c4 15. N3h2
Nb7 16. g4 Ne8 17. Qf3 Bd7 18. Kh1 g6 19. Bh6 Ng7 20. Ne3 Qd8 21. Rg1 Bg5 22.
Nf5 Bxf5 23. Bxg5 Bxe4 24. Bxd8 Bxf3+ 25. Nxf3 Rfxd8 26. Nd2 Nc5 27. b3 cxb3
28. axb3 Ne8 29. b4 Nd7 30. Ne4 Ndf6 31. Rgd1 Rdc8 32. Ra3 Nxe4 33. Bxe4 f6 34.
Bd3 Nc7 35. c4 bxc4 36. Bxc4 Nb5 37. Bxb5 axb5 38. Rxa8 Rxa8 39. Rc1 Ra4 40.
Rc6 Rxb4 41. Rxd6 Rd4 42. Rxf6 Rxd5 43. Rb6 Kf7 44. Kg2 Ke7 45. Kf3 Kd7 46. Ke4
Rc5 47. Rb7+ Kc6 48. Rxh7 b4 49. Ra7 b3 50. Ra1 Kb5 51. h4 Rc4+ 52. Kxe5 Rxg4
53. Rh1 Kb4 54. f4 b2 55. f5 gxf5 56. Kxf5 Rc4 57. Rb1 Kb3 58. h5 Rc5+ 1/2-1/2

[Event "Mauricie op"]
[Site "Trois-Rivieres CAN"]
[Date "2011.03.20"]
[Round "5"]
[White "Sarrazin-Gendron, Roman"]
[Black "Kraiouchkine, Nikita"]
[Result "0-1"]
[WhiteElo "1918"]
[BlackElo "2265"]
[PlyCount "122"]
[EventDate "2011.03.18"]
[EventType "swiss"]
[EventRounds "5"]
[EventCountry "CAN"]

1. Nf3 d5 2. c4 c6 3. b3 Nf6 4. g3 Bg4 5. Bg2 Nbd7 6. Bb2 e6 7. O-O Bd6 8. d4
Bh5 9. Nbd2 O-O 10. Ne5 Ne8 11. Re1 f6 12. Nd3 Nc7 13. Qc2 f5 14. f4 g5 15. e3
g4 16. Qc1 Nf6 17. Ba3 Nce8 18. Bxd6 Qxd6 19. Qb2 Nc7 20. Rac1 Bf7 21. Rc2 h5
22. Kf2 h4 23. Rcc1 Kg7 24. Rh1 Rh8 25. Qb1 Rh5 26. Rcg1 Rah8 27. Qe1 Kf8 28.
Ke2 Ke7 29. Qc1 Kd8 30. Kd1 Kc8 31. Kc2 Be8 32. Kb1 Kb8 33. Ka1 Qf8 34. Qe1
R8h7 35. Kb1 R5h6 36. Ka1 Bd7 37. Qc1 Qh8 38. Qe1 Bc8 39. Ne5 Nce8 40. c5 Kc7
41. Qc1 Nh5 42. Bf1 Nhf6 43. Bg2 Nd7 44. Nd3 b6 45. b4 Kb7 46. Kb1 Nef6 47. b5
Nb8 48. a4 Bd7 49. cxb6 axb6 50. bxc6+ Nxc6 51. Kc2 Na5 52. Nb2 Bb5 53. Kd1 Ba6
54. Nbc4 Nxc4 55. Nxc4 Bxc4 56. Qxc4 h3 57. Qa2 hxg2 58. Rxg2 Ne4 59. Qb3 Rxh2
60. a5 Rxh1+ 61. Ke2 Qd8 0-1

[Event "RA Spring op"]
[Site "Ottawa CAN"]
[Date "2011.03.05"]
[Round "2"]
[White "Sambuev, Bator"]
[Black "Kraiouchkine, Nikita"]
[Result "1-0"]
[WhiteElo "2718"]
[BlackElo "2332"]
[PlyCount "89"]
[EventDate "2011.03.04"]
[EventType "swiss"]
[EventRounds "5"]
[EventCountry "CAN"]

1. d4 d5 2. Nf3 Nf6 3. c4 c6 4. Nc3 dxc4 5. a4 e6 6. e3 c5 7. Bxc4 cxd4 8. exd4
Nc6 9. O-O Be7 10. Qe2 O-O 11. Rd1 Nb4 12. Bg5 h6 13. Bxf6 Bxf6 14. Qe4 Qa5 15.
Ne5 Rd8 16. Be2 Bd7 17. Qxb7 Bxe5 18. dxe5 Bc6 19. Qe7 Nd5 20. Nxd5 Rxd5 21.
Rxd5 Bxd5 22. b4 Qb6 23. Qc5 Qxc5 24. bxc5 Rc8 25. Rc1 a5 26. f4 Kf8 27. Ba6
Rc7 28. Kf2 Ke7 29. g4 Bc6 30. Bb5 Kd7 31. Rd1+ Ke7 32. Rb1 Rb7 33. Ke3 Kd8 34.
Kd4 Kc7 35. Kc4 Bf3 36. Rb2 Bxg4 37. c6 Rb8 38. Rg2 h5 39. Kc5 Rd8 40. Bc4 Rd1
41. Rb2 Rc1 42. Rb7+ Kc8 43. Rxf7 Bf3 44. Kb6 Bxc6 45. Rc7+ 1-0

[Event "RA Spring op"]
[Site "Ottawa CAN"]
[Date "2011.03.06"]
[Round "5"]
[White "Sapozhnikov, Roman"]
[Black "Kraiouchkine, Nikita"]
[Result "1-0"]
[WhiteElo "2433"]
[BlackElo "2332"]
[PlyCount "191"]
[EventDate "2011.03.04"]
[EventType "swiss"]
[EventRounds "5"]
[EventCountry "CAN"]

1. e4 e5 2. Nf3 Nc6 3. Bb5 f5 4. Nc3 fxe4 5. Nxe4 d5 6. Nxe5 dxe4 7. Nxc6 Qd5
8. c4 Qd6 9. Nxa7+ Bd7 10. Qh5+ g6 11. Bxd7+ Qxd7 12. Qe5+ Kf7 13. Nb5 c6 14.
Nc3 Re8 15. Qf4+ Nf6 16. h3 Bc5 17. b4 Bxb4 18. Bb2 Bd6 19. Qe3 Qe6 20. Qe2
Rhf8 21. O-O-O Kg8 22. d3 Bb4 23. Rhe1 Qf7 24. Qc2 Nh5 25. Rxe4 Ra8 26. Qb3 Bd6
27. d4 Nf4 28. c5 Bc7 29. Re7 Qxb3 30. axb3 Rf7 31. Rxf7 Kxf7 32. d5 Nxg2 33.
dxc6 Bf4+ 34. Kc2 bxc6 35. Ne2 Re8 36. Nd4 Be3 37. fxe3 Nxe3+ 38. Kd2 Nxd1 39.
Kxd1 Rc8 40. Ke2 Ke7 41. Kd3 Kd7 42. Nf3 Rf8 43. Ne5+ Kc7 44. Bc1 Rf5 45. h4
Kb7 46. Kd4 Rh5 47. Nf3 h6 48. b4 Rd5+ 49. Ke4 g5 50. hxg5 hxg5 51. Bxg5 Rd1
52. Nd4 Kc7 53. Bf4+ Kb7 54. Be3 Kc7 55. Kf3 Re1 56. Kf2 Rb1 57. Bd2 Rh1 58.
Ke2 Rh4 59. Kd3 Rh1 60. Kc4 Kd7 61. Bc3 Rh4 62. b5 cxb5+ 63. Kxb5 Rh1 64. Bb4
Rb1 65. c6+ Kc7 66. Ne6+ Kc8 67. Kc4 Rc1+ 68. Kd5 Rd1+ 69. Nd4 Kc7 70. Ba5+ Kc8
71. Bb6 Rb1 72. Bc5 Rc1 73. Nb5 Rd1+ 74. Bd4 Rc1 75. Kd6 Rxc6+ 76. Kxc6 Kd8 77.
Bf6+ Kc8 78. Nc7 Kb8 79. Bd4 Kc8 80. Ba7 Kd8 81. Nd5 Ke8 82. Kd6 Kf7 83. Ne7
Kf6 84. Be3 Kf7 85. Bg5 Ke8 86. Kc7 Kf7 87. Kd7 Kf8 88. Ng6+ Kf7 89. Ne5+ Kf8
90. Kd8 Kg8 91. Ke8 Kg7 92. Ke7 Kg8 93. Bh6 Kh7 94. Bf8 Kg8 95. Ke8 Kh8 96. Kf7
1-0

[Event "Quebec-ch U20"]
[Site "Montreal CAN"]
[Date "2011.02.11"]
[Round "1"]
[White "Yun, Chang"]
[Black "Kraiouchkine, Nikita"]
[Result "0-1"]
[WhiteElo "1789"]
[BlackElo "2252"]
[PlyCount "43"]
[EventDate "2011.02.11"]
[EventType "swiss"]
[EventRounds "5"]
[EventCountry "CAN"]

1. e4 e5 2. Nf3 Nc6 3. Bc4 Nf6 4. d3 Be7 5. O-O d6 6. c3 O-O 7. Re1 Na5 8. Bb3
Nxb3 9. axb3 c5 10. c4 h6 11. Nc3 Bg4 12. h3 Bh5 13. g4 Nxg4 14. hxg4 Bxg4 15.
Nd5 f5 16. Nxe7+ Qxe7 17. Re3 fxe4 18. dxe4 Kh8 19. Qd3 Qf6 20. Nh2 Qxf2+ 21.
Kh1 Bh3 22. Re2 0-1

[Event "Quebec-ch U20"]
[Site "Montreal CAN"]
[Date "2011.02.12"]
[Round "2"]
[White "Kraiouchkine, Nikita"]
[Black "Trottier, Emile"]
[Result "1-0"]
[WhiteElo "2252"]
[BlackElo "1973"]
[PlyCount "63"]
[EventDate "2011.02.11"]
[EventType "swiss"]
[EventRounds "5"]
[EventCountry "CAN"]

1. e4 e6 2. d4 d5 3. Nc3 Nf6 4. e5 Nfd7 5. f4 c5 6. Nf3 Nc6 7. Be3 Qb6 8. Na4
Qa5+ 9. c3 cxd4 10. b4 Nxb4 11. cxb4 Bxb4+ 12. Bd2 Bxd2+ 13. Nxd2 b5 14. Nb2
Nc5 15. a4 Qc3 16. Bxb5+ Bd7 17. Rc1 Bxb5 18. Rxc3 dxc3 19. axb5 Rc8 20. O-O
O-O 21. Nf3 cxb2 22. Qc2 Na4 23. Qxa4 Rc1 24. Qb3 b1=Q 25. Qxb1 Rxb1 26. Rxb1
Rc8 27. Ra1 h6 28. Rxa7 Rc1+ 29. Kf2 Rc2+ 30. Ke3 Rxg2 31. b6 Kh7 32. Nd4 1-0

[Event "Quebec-ch U20"]
[Site "Montreal CAN"]
[Date "2011.02.12"]
[Round "3"]
[White "Jiang, Louie"]
[Black "Kraiouchkine, Nikita"]
[Result "1-0"]
[WhiteElo "2331"]
[BlackElo "2252"]
[PlyCount "123"]
[EventDate "2011.02.11"]
[EventType "swiss"]
[EventRounds "5"]
[EventCountry "CAN"]

1. e4 e5 2. Nf3 Nc6 3. Bc4 Nf6 4. d3 Be7 5. O-O d6 6. h3 O-O 7. a3 Na5 8. Ba2
c5 9. Nc3 Nc6 10. Bg5 h6 11. Bxf6 Bxf6 12. Nd5 g5 13. g4 Be6 14. Ne1 Bxd5 15.
Bxd5 Ne7 16. Ng2 Rb8 17. Ne3 Ng6 18. c3 Nf4 19. Kh2 Qd7 20. Qf3 Kg7 21. Rh1 Kg6
22. Rad1 Rh8 23. Nf5 h5 24. Kg3 Rbg8 25. Qe3 Rh7 26. Kf3 Rgh8 27. Ng3 Qc8 28.
Qc1 Kg7 29. Bc4 Qd7 30. Bd5 Kf8 31. Nf5 Ke8 32. Ke3 Kd8 33. Rdg1 Kc7 34. c4 Qa4
35. Ng3 b5 36. Qd1 Qa6 37. Qc2 Qb6 38. b3 a6 39. Ra1 Qb8 40. a4 hxg4 41. axb5
Rxh3 42. bxa6 Qa7 43. Rhg1 Rh2 44. Qd2 Bd8 45. Qa5+ Kb8 46. Qb5+ Bb6 47. Bb7
Bc7 48. Rh1 Rxh1 49. Rxh1 Rd8 50. Rh7 Qb6 51. Rxf7 Qxb5 52. cxb5 Bb6 53. Kd2
Ne6 54. Nf5 Rf8 55. Re7 Nc7 56. Bc6 d5 57. Ke2 Rf6 58. Rxe5 dxe4 59. dxe4 Nxa6
60. Re8+ Kc7 61. Ne7 Nb4 62. e5 1-0

[Event "Quebec-ch U20"]
[Site "Montreal CAN"]
[Date "2011.02.13"]
[Round "4"]
[White "Dumont, Felix"]
[Black "Kraiouchkine, Nikita"]
[Result "0-1"]
[WhiteElo "2016"]
[BlackElo "2252"]
[PlyCount "66"]
[EventDate "2011.02.11"]
[EventType "swiss"]
[EventRounds "5"]
[EventCountry "CAN"]

1. e4 e5 2. Nf3 Nc6 3. Bb5 f5 4. Nc3 Nf6 5. Qe2 fxe4 6. Nxe4 Qe7 7. Bxc6 bxc6
8. d4 Nxe4 9. Qxe4 exd4 10. Qxe7+ Bxe7 11. Nxd4 Rb8 12. O-O O-O 13. Rb1 c5 14.
Re1 Bf6 15. Nf5 Bb7 16. c4 Rfe8 17. Rxe8+ Rxe8 18. Ne3 Be4 19. Ra1 Bd4 20. a4
Bd3 21. h3 d6 22. Ra3 Bxc4 23. Bd2 Bf7 24. Nf5 Bxb2 25. Rg3 Bg6 26. Nh4 c4 27.
Nxg6 hxg6 28. Kf1 d5 29. Rxg6 c3 30. Be3 Rxe3 31. fxe3 c2 32. Rc6 c1=Q+ 33.
Rxc1 Bxc1 0-1

[Event "Quebec-ch classe"]
[Site "Montreal CAN"]
[Date "2011.01.21"]
[Round "1"]
[White "Kraiouchkine, Nikita"]
[Black "Roy, Myriam"]
[Result "0-1"]
[WhiteElo "2235"]
[BlackElo "2004"]
[PlyCount "80"]
[EventDate "2011.01.21"]
[EventType "swiss"]
[EventRounds "5"]
[EventCountry "CAN"]

1. e4 c6 2. d4 d5 3. Nc3 dxe4 4. Nxe4 Nd7 5. Ng5 Ngf6 6. Bd3 e6 7. N1f3 Bd6 8.
Qe2 h6 9. Nxe6 fxe6 10. Bg6+ Kf8 11. Bd2 Nd5 12. Ne5 Qf6 13. Nf7 Rg8 14. Nxd6
Qxg6 15. c4 Ne7 16. f4 Nf6 17. Bb4 a5 18. Ba3 Qg4 19. Qe3 b5 20. cxb5 cxb5 21.
Nxb5 Qxg2 22. O-O-O Qc6+ 23. Nc3 Nfd5 24. Qf3 Bb7 25. Bc5 Nxc3 26. Qxc3 Kf7 27.
Rhe1 Rgd8 28. Kb1 Nf5 29. Qb3 Qd5 30. Qb6 Qc6 31. Qb3 a4 32. Qc2 Rac8 33. Qd2
Qg2 34. Qa5 Bc6 35. Rd2 Qf3 36. Rde2 Nxd4 37. Rd2 Be4+ 38. Ka1 Nc2+ 39. Rxc2
Bxc2 40. Bd4 Qd5 0-1

[Event "Quebec-ch classe"]
[Site "Montreal CAN"]
[Date "2011.01.22"]
[Round "2"]
[White "Giroux, Robert"]
[Black "Kraiouchkine, Nikita"]
[Result "0-1"]
[WhiteElo "2025"]
[BlackElo "2235"]
[PlyCount "128"]
[EventDate "2011.01.21"]
[EventType "swiss"]
[EventRounds "5"]
[EventCountry "CAN"]

1. d4 d5 2. c4 c6 3. Nf3 Nf6 4. e3 Bg4 5. Qb3 Qb6 6. Nc3 e6 7. Nh4 g5 8. Nf3
Rg8 9. h3 Bxf3 10. gxf3 Nbd7 11. Qxb6 axb6 12. cxd5 exd5 13. e4 Bb4 14. e5 Nh5
15. Kd1 f6 16. exf6 Ndxf6 17. Rg1 Nf4 18. h4 h6 19. hxg5 hxg5 20. Bxf4 gxf4 21.
Rxg8+ Nxg8 22. Bd3 Kf7 23. Kc2 Nf6 24. a3 Bd6 25. Rh1 Rg8 26. Kd2 Rg5 27. Ne2
b5 28. Rg1 Rxg1 29. Nxg1 Ke6 30. b4 Ne8 31. Bf1 Bc7 32. Bh3+ Ke7 33. Bf5 Nd6
34. Bd3 Nf7 35. Nh3 Kf6 36. Kc3 Nd8 37. Bh7 Bb8 38. Kd3 Ne6 39. Bg8 Nf8 40. Ng1
Kg7 41. Bxd5 cxd5 42. Ne2 Ng6 43. Nc3 Ne7 44. Nxb5 Kf6 45. a4 Ke6 46. Na3 Kd7
47. Nc2 Kc6 48. Kc3 Kb6 49. Kd3 Bd6 50. Kc3 Ka6 51. Kd3 b5 52. a5 Nc6 53. Kc3
Ka7 54. Kb3 Bxb4 55. Nxb4 Nxb4 56. Kxb4 Ka6 57. Kc5 Kxa5 58. Kxd5 b4 59. Kc4
Ka4 60. d5 b3 61. d6 b2 62. d7 b1=Q 63. Kd5 Qb8 64. Ke6 Qf8 0-1

[Event "Quebec-ch classe"]
[Site "Montreal CAN"]
[Date "2011.01.22"]
[Round "3"]
[White "Kraiouchkine, Nikita"]
[Black "Libersan, Thierry"]
[Result "1-0"]
[WhiteElo "2235"]
[BlackElo "2112"]
[PlyCount "102"]
[EventDate "2011.01.21"]
[EventType "swiss"]
[EventRounds "5"]
[EventCountry "CAN"]

1. e4 c5 2. Nf3 e6 3. d4 cxd4 4. Nxd4 Nc6 5. Nc3 Qc7 6. Be3 a6 7. Qd2 Nf6 8. f3
b5 9. O-O-O Bb7 10. Kb1 Bb4 11. g4 h6 12. Rg1 Rc8 13. g5 hxg5 14. Rxg5 Rxh2 15.
Qc1 Rh7 16. Bf4 Qb6 17. Ncxb5 Nxd4 18. Rxd4 Be7 19. Nd6+ Bxd6 20. Rxd6 Qf2 21.
Bg2 g6 22. Be3 Qe2 23. Qd2 Qxd2 24. Bxd2 Rc6 25. Rd3 d5 26. Bc3 Ke7 27. Bb4+
Ke8 28. b3 dxe4 29. fxe4 Rc8 30. e5 Bxg2 31. exf6 Be4 32. Rd2 Bf5 33. Rg1 Be4
34. Rg4 Bc6 35. c4 Rd8 36. Rgd4 Rxd4 37. Rxd4 Rh1+ 38. Kb2 Bf3 39. Kc2 Rh2+ 40.
Kc3 Rh1 41. Rd6 Rd1 42. Rxa6 g5 43. Rd6 e5 44. Rxd1 Bxd1 45. Bd6 e4 46. Bg3 Kd7
47. b4 Bf3 48. Kd4 Ke6 49. b5 Kxf6 50. Ke3 Bg4 51. c5 Ke7 1-0

[Event "Quebec-ch classe"]
[Site "Montreal CAN"]
[Date "2011.01.23"]
[Round "4"]
[White "Johnson, Jesse"]
[Black "Kraiouchkine, Nikita"]
[Result "0-1"]
[WhiteElo "2194"]
[BlackElo "2235"]
[PlyCount "56"]
[EventDate "2011.01.21"]
[EventType "swiss"]
[EventRounds "5"]
[EventCountry "CAN"]

1. d4 d5 2. Bf4 Nf6 3. e3 c6 4. Nf3 Qb6 5. Nbd2 Qxb2 6. Bd3 e6 7. O-O Qb6 8.
Rb1 Qd8 9. Ne5 Nbd7 10. Bg3 Nxe5 11. Bxe5 Nd7 12. f4 Nxe5 13. fxe5 g6 14. Qg4
Bh6 15. Nf3 Qe7 16. h4 Bxe3+ 17. Kh1 b6 18. Ng5 Bxg5 19. hxg5 Bd7 20. Rf6 O-O-O
21. Qf4 Be8 22. a4 h6 23. gxh6 Qf8 24. Ba6+ Kc7 25. Kg1 Qxh6 26. Rxf7+ Bxf7 27.
Qxf7+ Rd7 28. Qf6 Qe3+ 0-1

[Event "Quebec-ch classe"]
[Site "Montreal CAN"]
[Date "2011.01.23"]
[Round "5"]
[White "Kraiouchkine, Nikita"]
[Black "Gras, Guillaume"]
[Result "1-0"]
[WhiteElo "2235"]
[BlackElo "2127"]
[PlyCount "51"]
[EventDate "2011.01.21"]
[EventType "swiss"]
[EventRounds "5"]
[EventCountry "CAN"]

1. e4 e6 2. d4 d5 3. Nc3 Nf6 4. e5 Nfd7 5. f4 c5 6. Nf3 Nc6 7. Be3 a6 8. Qd2 b5
9. a3 Be7 10. dxc5 Nxc5 11. Qf2 Nd7 12. Qg3 g5 13. fxg5 d4 14. Nxd4 Ndxe5 15.
O-O-O Qa5 16. Nb3 Qc7 17. Bf4 Bb7 18. Be2 Rg8 19. Bf3 Bxg5 20. Bxg5 h6 21. Ne4
Rxg5 22. Nxg5 hxg5 23. Rhe1 f6 24. Nc5 Nd4 25. Bxb7 Qxc5 26. Rxd4 1-0

[Event "RA Winter op"]
[Site "Ottawa CAN"]
[Date "2011.01.15"]
[Round "2"]
[White "Kraiouchkine, Nikita"]
[Black "Pacey, Kevin"]
[Result "0-1"]
[WhiteElo "2367"]
[BlackElo "2325"]
[PlyCount "68"]
[EventDate "2011.01.14"]
[EventType "swiss"]
[EventRounds "5"]
[EventCountry "CAN"]

1. e4 e6 2. d4 d5 3. Nc3 Bb4 4. e5 c5 5. a3 Bxc3+ 6. bxc3 Qc7 7. Qg4 Ne7 8.
Qxg7 Rg8 9. Qxh7 cxd4 10. Ne2 dxc3 11. f4 b6 12. Ng3 Qc5 13. Nh5 Rf8 14. Nf6+
Kd8 15. Bd3 Nd7 16. Ng4 Qd4 17. Be3 Qa4 18. Nh6 Ke8 19. O-O d4 20. Qe4 Rh8 21.
Nxf7 Kxf7 22. f5 Nc5 23. fxe6+ Ke8 24. Qxa8 dxe3 25. Bg6+ Kd8 26. Rad1+ Kc7 27.
Rf7 Qh4 28. Qd5 Nb7 29. Qf3 Bxe6 30. Rg7 Qxh2+ 31. Kf1 Bc4+ 32. Bd3 Qxe5 33.
Rxe7+ Qxe7 34. Bxc4 Rf8 0-1

[Event "RA Winter op"]
[Site "Ottawa CAN"]
[Date "2011.01.16"]
[Round "4"]
[White "Qin, Zi Yi (Joey)"]
[Black "Kraiouchkine, Nikita"]
[Result "1-0"]
[WhiteElo "2354"]
[BlackElo "2367"]
[PlyCount "53"]
[EventDate "2011.01.14"]
[EventType "swiss"]
[EventRounds "5"]
[EventCountry "CAN"]

1. e4 e5 2. Nf3 Nc6 3. Bc4 Nf6 4. d4 exd4 5. O-O Nxe4 6. Re1 d5 7. Bxd5 Qxd5 8.
Nc3 Qh5 9. Nxe4 Be6 10. Bg5 Bd6 11. Nxd6+ cxd6 12. Bf4 Qd5 13. c3 Qf5 14. Bxd6
O-O-O 15. Bg3 dxc3 16. Qa4 Bd5 17. Nd4 Qg4 18. bxc3 a6 19. Qa3 f5 20. f3 Qg6
21. Qc5 Rhf8 22. Bf4 Rfe8 23. Rxe8 Qxe8 24. Nxf5 Qf8 25. Nd6+ Kb8 26. Bg3 Bg8
27. Nxb7+ 1-0

[Event "Pere Noel"]
[Site "Montreal CAN"]
[Date "2010.12.26"]
[Round "1"]
[White "Dudak, Mateusz"]
[Black "Kraiouchkine, Nikita"]
[Result "0-1"]
[WhiteElo "1893"]
[BlackElo "2253"]
[PlyCount "96"]
[EventDate "2010.12.26"]
[EventType "swiss"]
[EventRounds "5"]
[EventCountry "CAN"]

1. e4 e5 2. Nc3 Nf6 3. f4 d5 4. fxe5 Nxe4 5. d3 Nxc3 6. bxc3 d4 7. Nf3 c5 8.
Be2 dxc3 9. O-O Be7 10. Qe1 O-O 11. Qxc3 Nc6 12. Rb1 Qd5 13. Qb3 Rd8 14. Qxd5
Rxd5 15. Bf4 Nb4 16. Rb2 Rd8 17. Bg5 Re8 18. Bxe7 Rxe7 19. d4 Nc6 20. c3 cxd4
21. cxd4 Bg4 22. d5 Bxf3 23. Bxf3 Nxe5 24. Bd1 Nc4 25. Re2 Rae8 26. Rxe7 Rxe7
27. Bb3 Nd6 28. Kf2 Kf8 29. g4 Ke8 30. Rc1 Kd7 31. Kf3 Re5 32. Ba4+ Kd8 33. Bb3
Re7 34. h4 Rc7 35. Rxc7 Kxc7 36. Kf4 h6 37. g5 hxg5+ 38. Kxg5 Nc8 39. h5 Kd6
40. Kf5 b5 41. a3 Nb6 42. Ke4 Nc4 43. Bxc4 bxc4 44. Kd4 c3 45. Kxc3 Kxd5 46.
Kd3 Ke5 47. Ke3 Kf5 48. Kd4 Kg5 0-1

[Event "Pere Noel"]
[Site "Montreal CAN"]
[Date "2010.12.27"]
[Round "2"]
[White "Kraiouchkine, Nikita"]
[Black "Forget, Luc"]
[Result "1-0"]
[WhiteElo "2253"]
[BlackElo "1998"]
[PlyCount "49"]
[EventDate "2010.12.26"]
[EventType "swiss"]
[EventRounds "5"]
[EventCountry "CAN"]

1. e4 e5 2. Nf3 Nc6 3. Bb5 Nge7 4. O-O g6 5. d4 exd4 6. c3 Bg7 7. cxd4 O-O 8.
d5 a6 9. Be2 Ne5 10. Nxe5 Bxe5 11. f4 Bg7 12. f5 gxf5 13. exf5 f6 14. d6 cxd6
15. Qxd6 b5 16. Bf3 Nc6 17. Nc3 Bb7 18. Nd5 Kh8 19. Bf4 Nd4 20. Bg4 Rc8 21.
Rad1 Rf7 22. Ne3 Nc2 23. Bf3 Nxe3 24. Bxe3 Bc6 25. Bxc6 1-0

[Event "Pere Noel"]
[Site "Montreal CAN"]
[Date "2010.12.28"]
[Round "3"]
[White "Sambuev, Bator"]
[Black "Kraiouchkine, Nikita"]
[Result "1-0"]
[WhiteElo "2555"]
[BlackElo "2253"]
[PlyCount "109"]
[EventDate "2010.12.26"]
[EventType "swiss"]
[EventRounds "5"]
[EventCountry "CAN"]

1. d4 d5 2. c4 c6 3. Nc3 Nf6 4. Nf3 dxc4 5. a4 e6 6. e3 c5 7. Bxc4 cxd4 8. exd4
Nc6 9. O-O Be7 10. Qe2 O-O 11. Rd1 Nb4 12. Bg5 Bd7 13. d5 exd5 14. Nxd5 Nbxd5
15. Bxd5 Nxd5 16. Rxd5 Bxg5 17. Nxg5 h6 18. Qd2 hxg5 19. Rxd7 Qb6 20. a5 Qb3
21. Ra3 Qc4 22. h3 Rae8 23. Rg3 Qf4 24. Qxf4 gxf4 25. Rg4 Re5 26. Rxf4 Rb5 27.
b4 a6 28. Rd6 Rc8 29. g4 Rc7 30. Kg2 f6 31. Rfd4 Kh7 32. Re6 Kg6 33. h4 Kf7 34.
Rb6 Rxb6 35. axb6 Re7 36. Kg3 Kg8 37. Kf4 Re6 38. Kf5 Rxb6 39. Kg6 f5+ 40. Kxf5
Rf6+ 41. Ke5 Rxf2 42. Rd7 Rf7 43. Rd6 Rc7 44. g5 Rc4 45. g6 Kf8 46. Rd8+ Ke7
47. Rg8 Rxb4 48. Rxg7+ Kf8 49. Rf7+ Kg8 50. h5 Rb1 51. h6 Re1+ 52. Kd6 Rd1+ 53.
Kc7 Rh1 54. h7+ Kh8 55. Rf8+ 1-0